Adicción al alcohol /
El alcoholismo es la adicción provocada por el abuso de alcohol, y puede tener consecuencias mortales. El valioso testimonio de dos adictos en recuperación más la explicación de los especialistas consultados nos brindan un panorama muy completo.
Guardado en:
| Autor Corporativo: | |
|---|---|
| Otros Autores: | |
| Formato: | |
| Publicado: |
Argentina,
2008.
|
| Series: | Mejor Hablar de Ciertas Cosas
|
| Materias: | |
| Acceso en línea: | https://www.educ.ar/recursos/100879/alcoholismo |
| Etiquetas: |
Agregar Etiqueta
Sin Etiquetas, Sea el primero en etiquetar este registro!
|
| LEADER | 01417ngm a22003135g 4500 | ||
|---|---|---|---|
| 001 | CEM.cems023023 | ||
| 008 | 130507s2008##################0###0#####d | ||
| 005 | 20241204162026.0 | ||
| 245 | 1 | 0 | |a Adicción al alcohol / |c Canal Encuentro. |
| 260 | |a Argentina, |c 2008. | ||
| 300 | |a 46'. | ||
| 490 | 0 | |a Mejor Hablar de Ciertas Cosas | |
| 500 | |a Consultar en ventanilla. | ||
| 505 | 0 | |a El abuso del alcohol como conducta cada vez más frecuente en los adolescentes. Las causas del alcoholismo. Organizaciones para la prevención. El alcoholismo visto por sus víctimas y especialistas en la materia. | |
| 520 | |a El alcoholismo es la adicción provocada por el abuso de alcohol, y puede tener consecuencias mortales. El valioso testimonio de dos adictos en recuperación más la explicación de los especialistas consultados nos brindan un panorama muy completo. | ||
| 538 | |a Soporte: DVD - Color: Si - Grabación DRD 2012 | ||
| 590 | |a Identificación SIABUC: DVD Nº 39 | ||
| 110 | 2 | |a Canal Encuentro. | |
| 700 | 1 | |a Pauls, Gastón; Conducción. | |
| 082 | 3 | 6 | |/ PAU-1 |
| 082 | 3 | 6 | |/ ENC-1 |
| 653 | |a ALCOHOLISMO | ||
| 653 | |a ADOLESCENCIA | ||
| 653 | |a ADICCIONES | ||
| 653 | |a MEJOR HABLAR DE CIERTAS COSAS | ||
| 653 | |a NIVEL PRIMARIO | ||
| 653 | |a NIVEL SECUNDARIO | ||
| 856 | |u https://www.educ.ar/recursos/100879/alcoholismo | ||
| 859 | |a CEMS |b BIB. CEMS - Depto. Recursos Didacticos |h 360 |i PAU-1 |k DRD |p 1666.12 |t Ej.1 | ||
